01010nam a2200253 a 450000100100000000500170001000800410002702000180006804000250008608200130011111101190012424500670024326000490031030000210035949000270038050000740040759000260048150400310050770000340053870000220057283000340059495201110062899900170073900004242020201002040137.0131129s2007 sp 000 0 spa d a9788476356913 aDO-SdBNPbspacBNPHU axxxbxxx2 aGrand Séminaire de Neuchátel : Coloquio Internacional Álvaro Pombod(2007:cMadridn1-3 de noviembre)96954610aÁlvaro Pombo /ceditoras ; Irene Andres-Suárez, Ana Casas. aMadrid :bUniversidad de Neuchâtel,c2007. a204 p. ;c22 cm.1 aCuadernos de narrativa aIncluye referencias bibliográficas y notas al pie de las páginas. aInventariado, 2019/VM aBibliografía: p. 191-2041 aSuárez, Irene Andres9695471 aCasas, Ana969548 0aCuadernos de narrativa969549 001050718MOaGRbGRcHDd2013-11-29iLF1l0oxxx xxxp42420-10r2020-06-25w2020-06-25y1ZNo se presta c41909d41909